Geschichte der SPD - Statistiken

Allgemein
  • Dieses Quiz wurde 39 mal gespielt
    25 seit der letzten Aktualisierung
  • Das Durchschnittsergebnis liegt bei 10 aus 18
Antwortstatistiken
Hint Antwort % Korrekt
Anzahl GroKos seit 1966 vier
91%
Erster sozialdemokratischer Kanzler Willy Brandt
86%
Aktueller Parteivorsitz Saskia Esken, Lars Klingbeil
82%
Welcher sozialdemokratische Kanzler stellte gleich zweimal die Vertrauensfrage im Deutschen Bundestag? Gerhard Schröder (2001 und 2005)
77%
Jugendorganisation der SPD Jusos, Jungsozialisten
77%
Vizekanzler in der schwarz-roten Regierungskoalition von 2025 Lars Klingbeil
77%
Steueraffäre um Bundeskanzler a.D. Olaf Scholz Cum-Ex, Cum-Cum
64%
Jahr der ersten Regierungsbeteiligung 1966
59%
Erste Vorgängerorganisation der SPD Allgemeiner Deutscher Arbeiterverein, Sozialdemokratische Arbeiterpartei
50%
Parteinahe Stiftung Friedrich-Ebert-Stiftung
50%
Parteiflügel der SPD Seeheimer Kreis, Parlamentarische Linke, Netzwerk Berlin
50%
Historisch bestes Wahlergebnis 45,8 Prozent (1972)
45%
Von wem stammt dieses Zitat: „Freiheit und Leben kann man uns nehmen, die Ehre nicht.“? Otto Wels
45%
"Geburtsstunde" der Sozialdemokratie 1863
36%
Gründervater des ADAV Ferdinand Lasalle
32%
Fraktionszugehörigkeit im Europäischen Parlament Fraktion der Progressiven Allianz der Sozialdemokraten, Progressive Alliance of Socialists & Democrats
32%
Gründungsort der SPD Leipzig
32%
Aktueller Generalsekretär (kommisarisch) Tim Klüssendorf
27%
Keine übereinstimmenden Quizze gefunden
Verteilung der Resultate
Anzahl Personen mit jedem Resultat
Perzentil nach korrekt beantworteten Fragen
Ihre Resultats-Entwicklung
Sie haben dieses Quiz seit der letzten Aktualisierung nicht gespielt